ბათუმის შოთა რუსთაველის სახელმწიფო უნივერსიტეტის ბიბლიოთეკა

Case Studies in Perinatal Nursing / (ბიბ.ჩანაწერი № 61695)

000 -LEADER
fixed length control field 00646nam a22001697a 4500
005 - DATE AND TIME OF LATEST TRANSACTION
control field 20240418102115.0
008 - FIXED-LENGTH DATA ELEMENTS--GENERAL INFORMATION
fixed length control field 240418s1992 enk||||| |||| 00| 0 eng d
020 ## - INTERNATIONAL STANDARD BOOK NUMBER
International Standard Book Number 0834202271x
080 ## - UNIVERSAL DECIMAL CLASSIFICATION NUMBER
Universal Decimal Classification number 616-08 C-29
245 ## - TITLE STATEMENT
Title Case Studies in Perinatal Nursing /
Statement of responsibility, etc. Edited Diane J. Angelini, Christine M. Whelan Knapp.
264 ## - PRODUCTION, PUBLICATION, DISTRIBUTION, MANUFACTURE, AND COPYRIGHT NOTICE
Place of production, publication, distribution, manufacture Boston :
Name of producer, publisher, distributor, manufacturer Aspen Pub,
Date of production, publication, distribution, manufacture, or copyright notice 1992.
300 ## - PHYSICAL DESCRIPTION
Extent 239 p.;
Other physical details 24 cm.
653 ## - INDEX TERM--UNCONTROLLED
keyword პერინატალური მედიცინა
700 ## - ADDED ENTRY--PERSONAL NAME
Personal name Angelini, Diane J.
Relator term რედაქტორი
9 (RLIN) 21846
700 ## - ADDED ENTRY--PERSONAL NAME
Personal name Whelan Knapp, Christine M.
Relator term რედაქტორი
9 (RLIN) 21847
942 ## - ADDED ENTRY ELEMENTS (KOHA)
Source of classification or shelving scheme
Koha item type წიგნი
ეგზემპლარები
Withdrawn status Lost status Source of classification or shelving scheme Damaged status Not for loan Permanent Location Current Location Shelving location Date acquired Cost, normal purchase price Full call number Barcode Date last seen Copy number Price effective from Koha item type Public note
          ბათუმის შოთა რუსთაველის სახელმწიფო უნივერსიტეტის მთავარი ბიბლიოთეკა ბათუმის შოთა რუსთაველის სახელმწიფო უნივერსიტეტის მთავარი ბიბლიოთეკა წიგნსაცავი 2024-04-18 20.00 616-08 C-29 67853 2024-04-18 67853 2024-04-18 წიგნი 20 ლ.